[Event "Pontevedra op-B 6th"]
[Site "Pontevedra"]
[Date "2018.08.08"]
[Round "1"]
[White "Zagema, Jan Sybren"]
[Black "Martinez Perez, Daniel"]
[Result "1-0"]
[WhiteElo "1861"]
[BlackElo "1402"]
[PlyCount "81"]
[EventDate "2018.08.08"]
[EventType "swiss"]
[EventRounds "9"]
[EventCountry "ESP"]
[SourceTitle "CBM 186 Extra"]
[Source "ChessBase"]
[SourceDate "2018.08.24"]
[SourceVersion "1"]
[SourceVersionDate "2018.08.24"]
[SourceQuality "1"]

1. e4 d5 2. exd5 Qxd5 3. Nc3 Qa5 4. Bc4 Nf6 5. d4 c6 6. Nf3 Bg4 7. h3 Bh5 8. g4 Bg6 9. Ne5 e6 10. Qe2 Be7 11. Nxg6 hxg6 12. Be3 Bb4 13. Bd2 Nbd7 14. 0-0-0 Nb6 15. a3 Nxc4 16. Qxc4 Bxc3 17. Bxc3 Qc7 18. Kb1 0-0-0 19. Qa4 Qb6 20. b3 Rd7 21. Kb2 Ne4 22. Be1 Ng5 23. Rd3 Ne4 24. f3 Nf6 25. Bg3 Rhd8 26. Rhd1 Rd5 27. Be1 Rh8 28. h4 Ne8 29. Bf2 Qa5 30. Qxa5 Rxa5 31. c4 b5 32. b4 bxc4 33. Rc3 Ra6 34. Rxc4 Kd7 35. Rd3 Nd6 36. Rc1 Rc8 37. Ra1 Rb6 38. d5 Rb7 39. dxe6+ Kxe6 40. Re1+ Kd7 41. Bc5 1-0

[Event "Gallego-ch U18"]
[Site "Viveiro"]
[Date "2017.02.28"]
[Round "8"]
[White "Martinez Perez, Daniel"]
[Black "Represa Perez, Mireya"]
[Result "0-1"]
[WhiteElo "1377"]
[BlackElo "2108"]
[PlyCount "94"]
[EventDate "2017.02.25"]
[EventType "swiss"]
[EventRounds "8"]
[EventCountry "ESP"]
[SourceTitle "EXT 2024"]
[Source "ChessBase"]
[SourceDate "2023.10.10"]
[SourceVersion "1"]
[SourceVersionDate "2023.10.10"]
[SourceQuality "1"]

1. d4 Nf6 2. Nf3 d5 3. e3 c6 4. Bd3 Bg4 5. Nbd2 e6 6. 0-0 Nbd7 7. h3 Bh5 8. c3 Bd6 9. Qc2 0-0 10. Re1 Bc7 11. c4 Qe7 12. b3 dxc4 13. Bxc4 e5 14. dxe5 Nxe5 15. Be2 Nd5 16. Bb2 Bg6 17. e4 Rad8 18. Nxe5 Bxe5 19. Bxe5 Qxe5 20. a3 Nf4 21. Rad1 Qg5 22. Bf3 Nxh3+ 23. Kf1 Nf4 24. g3 Nd3 25. Re3 Ne5 26. Bg2 Ng4 27. Ree1 Qf6 28. Re2 Qxf2+ 29. Rxf2 Ne3+ 30. Kg1 Nxc2 31. Rc1 Nxa3 32. Nc4 Nxc4 33. bxc4 Rfe8 34. Ra1 a6 35. Rb1 b5 36. cxb5 cxb5 37. Ra1 Bxe4 38. Bxe4 Rxe4 39. Rxa6 Rb8 40. Rb2 g6 41. Ra3 Kg7 42. Rab3 b4 43. Kf2 Kf6 44. Kf3 Kf5 45. Rd2 Rc4 46. Rdd3 h5 47. Kg2 Kg4 0-1